| 000 | 00615cam a2200193 4500500 | ||
|---|---|---|---|
| 005 | 20260405003852.0 | ||
| 041 | _afre | ||
| 042 | _adc | ||
| 100 | 1 | 0 |
_aLacroix, Alexandre _eauthor |
| 245 | 0 | 0 | _a“Un adolescent amoureux”, de Robin Josserand : poignets d’amour |
| 260 | _c2024. | ||
| 500 | _a83 | ||
| 690 | _aAdolescence | ||
| 690 | _aArthur Dreyfus | ||
| 690 | _aDésir | ||
| 690 | _aHomosexualité | ||
| 786 | 0 | _nPhilosophie magazine | 182 | 9 | 2024-09-01 | p. 75-75 | 1951-1787 | |
| 856 | 4 | 1 | _uhttps://shs.cairn.info/magazine-philosophie-magazine-2024-9-page-75?lang=fr&redirect-ssocas=7080 |
| 999 |
_c2071638 _d2071638 |
||